| 000 | 00578nam a2200133Ia 4500 | ||
|---|---|---|---|
| 008 | 160809s9999 xx 000 0 und d | ||
| 100 | _aHuang, Chengliang. | ||
| 245 | _aApproaches in Using Expectation Maximization Algorithm for Maximum Likelihood Estimation of The Parameters of a Constrained State Space Model with an External Input Series | ||
| 245 | _cChengliang Huang, Xiao-Ping Zhang and Fang Wang, Ryerson | ||
| 260 | _bComputer Science and Information Technology | ||
| 260 | _cApril 2016 | ||
| 650 | _xINFORMATION TECHNOLOGY | ||
| 856 | _uhttp://airccse.org/V6N52.html | ||
| 999 |
_c300089 _d300089 |
||